Lenguaje de programación : diseño e implementación
সংরক্ষণ করুন:
| প্রধান লেখক: | |
|---|---|
| বিন্যাস: | গ্রন্থ |
| ভাষা: | স্প্যানিশ |
| প্রকাশিত: |
México, D.F.
Pearson Educación.
1998.
|
| সংস্করন: | 3ª ed. |
| বিষয়গুলি: | |
| ট্যাগগুলো: |
ট্যাগ যুক্ত করুন
কোনো ট্যাগ নেই, প্রথমজন হিসাবে ট্যাগ করুন!
|
MARC
| LEADER | 00000nam a22000005a 4500 | ||
|---|---|---|---|
| 001 | 16821 | ||
| 003 | CL-ChBUA | ||
| 005 | 20120815103620.0 | ||
| 008 | 070301s1998 mx 000 0 spa | ||
| 020 | |a 9701700463 | ||
| 040 | |a CL-ChBUA |c CL-ChBUA | ||
| 082 | 0 | 0 | |a 005.133 |
| 090 | |c 16821 |d 16821 | ||
| 100 | 1 | |a Pratt, Terrence W. | |
| 245 | 1 | 0 | |a Lenguaje de programación : |b diseño e implementación |
| 250 | |a 3ª ed. | ||
| 260 | |b Pearson Educación. |a México, D.F. |c 1998. | ||
| 650 | 4 | |a LENGUAJE DE PROGRAMACION (COMPUTADORES ELECTRONICOS). | |
| 942 | |c LIB | ||
| 952 | |0 0 |1 0 |4 0 |7 0 |9 23304 |a UNACH |b UNACH |c 000 |d 2007-03-05 |i 35.466. |l 0 |o 005.133 / P 913. |p 24303 |r 2022-01-04 00:00:00 |u 23304 |w 2012-08-08 |y LIB |k 005.133 / P 913. | ||
| 999 | |c 16821 |d 16821 | ||